| 000 | 01143nam a2200349Ia 4500 | ||
|---|---|---|---|
| 001 | 9383 | ||
| 003 | IT-RoPAU | ||
| 008 | 130308s9999 xx 000 0 und d | ||
| 040 | _aIT-RoPAU | ||
| 040 | _cIT-RoPAU | ||
| 041 | _aITALIANO | ||
| 100 | _aMarx Karl | ||
| 100 | _gCodice Aut. SPICS: 4072 | ||
| 240 | _aMANIFEST DER KOMMUNISTISCHEN PARTEI | ||
| 240 | _gCodice Tit. Orig. Spics: T1081 | ||
| 245 | _aManifesto del partito comunista | ||
| 245 | _bManifesto del partito Comunista | ||
| 250 | _a2a ed. | ||
| 260 | _aROMA | ||
| 260 | _bNewton Compton | ||
| 260 | _c1970 [1° Ed.:1969 - Ed.Ling.Originale:1848] | ||
| 300 | _a"108 p. (prefazione: no ; testo: 108)" | ||
| 500 | _aIntroduzione e cura di Eugenio Sbardella Storia del manifesto nelle varie Edizioni borghesi e proletari Proletari e comunisti Letteratura Socialista e comunista posizione dei comunisti rispetto Ai vari partiti di Opposizione | ||
| 650 | _aSAGGI DI SOCIOLOGIA | ||
| 650 | _eCodice materia Spics: 3657 | ||
| 700 | _aEngels Friedrich | ||
| 700 | _gCodice Aut. SPICS: 6937 | ||
| 942 | _cBK | ||
| 957 | _71 | ||
| 999 |
_c66866 _d66866 |
||
| 999 | _bSI | ||
| 999 | _g1 | ||